Building library collectionas (Record no. 125127)

MARC details
000 -LEADER
fixed length control field 00773nam a2200265Ia 4500
003 - CONTROL NUMBER IDENTIFIER
control field OSt
005 - DATE AND TIME OF LATEST TRANSACTION
control field 20220918164519.0
008 - FIXED-LENGTH DATA ELEMENTS--GENERAL INFORMATION
fixed length control field 220917b |||||||| |||| 00| 0 eng d
020 ## - INTERNATIONAL STANDARD BOOK NUMBER
International Standard Book Number 0669043214
037 ## - SOURCE OF ACQUISITION
Terms of availability Textual
040 ## - CATALOGING SOURCE
Original cataloging agency ARTS
Transcribing agency ARTS
Language of cataloging eng
041 ## - LANGUAGE CODE
Source of code eng
Language code of text/sound track or separate title eng
100 ## - MAIN ENTRY--PERSONAL NAME
Personal name Cline Hugh f.
9 (RLIN) 19262
245 #0 - TITLE STATEMENT
Title Building library collectionas
Remainder of title Policies and practices in academic libraries
260 ## - PUBLICATION, DISTRIBUTION, ETC.
Place of publication, distribution, etc. Lexington
Name of publisher, distributor, etc. Lexington Books
Date of publication, distribution, etc. 1981
300 ## - PHYSICAL DESCRIPTION
Extent xvi,170p
Dimensions cm.
650 ## - SUBJECT ADDED ENTRY--TOPICAL TERM
Topical term or geographic name entry element LIBRARY SCIENCE
700 ## - ADDED ENTRY--PERSONAL NAME
Personal name Sinnott Loraine T.
9 (RLIN) 19263
942 ## - ADDED ENTRY ELEMENTS (KOHA)
Classification part 234:81.73, M1
Koha item type Textual
Source of classification or shelving scheme Colon Classification (CC)
Holdings
Withdrawn status Lost status Damaged status Not for loan Home library Current library Date acquired Total Checkouts Full call number Barcode Date last seen Price effective from Koha item type
        Arts Library Arts Library 2022-09-18   234:81.73 M1 AL0887665 2022-09-18 2022-09-18 Textual
Copyright @ Delhi University Library System